000 00437nam a2200157 4500
001 125937
003 ES-MaACL
005 20230906192726.0
007 t|
008 070214s1910 fr r ||||1| fre d
100 1 _aRégnault, Félix.
_995903
245 1 3 _aLa genese des miracles /
_cpar le Dr. Félix Régnault.
260 _aParis :
_bSaint Amand Bussière,
_c1910.
300 _a323 p. ;
_c23 x 14 cm.
852 _aES-MaACL
_jD-4075
999 _c125937
_d125937